The Floor BG (Category Vegetables) - Statistics

General Stats
  • This quiz has been taken 33 times
  • The average score is 13 of 30
Answer Stats
Picture Answer % Correct
Краставица
100%
Домат
100%
Зеле
100%
Картоф
100%
Патладжан
100%
Морков
100%
Броколи
96%
Червен лук
96%
Чушка
87%
Маруля
65%
Праз
61%
Лук
61%
Карфиол
61%
Царевица
39%
Джинджифил
30%
Чесън
26%
Аспержи
26%
Цвекло
22%
Маслина
13%
Бамя
13%
Грах
9%
Брюкселско зеле
9%
Сладък картоф
4%
Спанак
4%
Алабаш
0%
Ряпа
0%
Гъби
0%
Халапеньо
0%
Тиква
0%
Червено зеле
0%
No matching quizzes found
Score Distribution
Percent of People with Each Score
Percentile by Number Answered
Your Score History
You have not taken this quiz